[Event "Titled Tuesday intern op 05th Dec Early"]
[Site "Chess.com INT"]
[Date "2023.12.05"]
[Round "2"]
[White "Swicarz, Maciej"]
[Black "Nikulina, Alena"]
[Result "1-0"]
[WhiteElo "2261"]
[BlackElo "1844"]
[PlyCount "97"]
[EventDate "2023.12.05"]
[EventType "swiss (blitz)"]
[EventRounds "11"]
[EventCountry "USA"]
[SourceTitle "EXT 2025"]
[Source "ChessBase"]
[SourceDate "2024.10.14"]
[SourceVersion "1"]
[SourceVersionDate "2024.10.14"]
[SourceQuality "1"]

1. e4 c5 2. Nc3 e6 3. f4 Nc6 4. Nf3 d5 5. exd5 exd5 6. d4 Nf6 7. Bb5 Bd6 8. 0-0 0-0 9. Kh1 cxd4 10. Nxd4 Bc5 11. Nxc6 bxc6 12. Bxc6 Rb8 13. Bxd5 Ng4 14. Qf3 Qh4 15. h3 Nf2+ 16. Rxf2 Bxf2 17. Ne4 Bb6 18. Be3 Bxe3 19. Qxe3 Rxb2 20. Bb3 Bb7 21. Ng5 h6 22. Nf3 Qf6 23. Ne5 a5 24. a4 Qf5 25. Rc1 Be4 26. Qc3 g6 27. Ng4 Kh7 28. Qxb2 h5 29. Nf6+ Kh6 30. Nxe4 Qxe4 31. Rf1 Re8 32. Qc1 Qe2 33. f5+ g5 34. Bxf7 Re7 35. Bg6 Re3 36. Qd1 Qc4 37. f6 Qc6 38. Kh2 Kxg6 39. f7 Qc7+ 40. Kg1 Qxf7 41. Rxf7 Kxf7 42. Qd5+ Re6 43. Qxg5 Rf6 44. Qxh5+ Ke6 45. Qxa5 Rf5 46. Qxf5+ Kxf5 47. a5 Ke5 48. a6 Kd4 49. a7 1-0

[Event "Titled Tuesday intern op 05th Dec Early"]
[Site "Chess.com INT"]
[Date "2023.12.05"]
[Round "3"]
[White "Swicarz, Maciej"]
[Black "Principe, Gerson"]
[Result "0-1"]
[WhiteElo "2261"]
[BlackElo "2158"]
[PlyCount "122"]
[EventDate "2023.12.05"]
[EventType "swiss (blitz)"]
[EventRounds "11"]
[EventCountry "USA"]
[SourceTitle "EXT 2025"]
[Source "ChessBase"]
[SourceDate "2024.10.14"]
[SourceVersion "1"]
[SourceVersionDate "2024.10.14"]
[SourceQuality "1"]

1. e4 c6 2. Nc3 d5 3. Qe2 e6 4. g3 Nf6 5. Bg2 Be7 6. f4 0-0 7. Nf3 dxe4 8. Nxe4 Nbd7 9. d4 c5 10. Nxc5 Nxc5 11. dxc5 Bxc5 12. Be3 Bxe3 13. Qxe3 Qc7 14. c3 Bd7 15. Ne5 Bb5 16. 0-0-0 a5 17. Rd4 Bc6 18. Nxc6 bxc6 19. Rc4 Nd5 20. Qc5 Rfc8 21. Re1 Rab8 22. Re2 g6 23. Ra4 Rb5 24. Qd4 c5 25. Qe5 Nb6 26. Qxc7 Rxc7 27. Rae4 c4 28. Re5 Rcc5 29. Rxc5 Rxc5 30. Rd2 Nd5 31. Bxd5 exd5 32. Re2 Kf8 33. Kd2 Rc7 34. Re5 Rb7 35. Kc2 Rb5 36. b3 cxb3+ 37. axb3 f6 38. Re6 Kf7 39. Ra6 Rc5 40. Kd3 Rb5 41. Kc2 Rc5 42. Ra7+ Ke6 43. Rxh7 d4 44. c4 a4 45. Ra7 axb3+ 46. Kxb3 Kf5 47. Ra6 Rc8 48. Kb4 Rd8 49. Ra1 Ke4 50. c5 d3 51. Kc4 d2 52. Rd1 Ke3 53. c6 Ke2 54. Ra1 d1Q 55. Rxd1 Rxd1 56. Kb5 Rc1 57. Kb6 Kf3 58. c7 Kg2 59. g4 Kxh2 60. g5 fxg5 61. fxg5 Kg3 0-1